Grammaire progressive du Francais: avec 400 exercises; niveau debutanat

Saved in:
Bibliographic Details
Main Author: GREGOIRE, Maia MERLO, Gracia
Format: Book
Language:English
Published: CLE International 1997
Tags: Add Tag
No Tags, Be the first to tag this record!

MARC

LEADER 00000nam a22000007a 4500
008 231005b |||||||| |||| 00| 0 eng d
020 |a 209033858-X 
100 |a GREGOIRE, Maia  |a MERLO, Gracia 
245 |a Grammaire progressive du Francais:  |b  avec 400 exercises; niveau debutanat  |c / Maia Gregoire avec la participation de Gracia Merlo  |g 160p. 
260 |b CLE International  |c 1997  |h Paris  |i 640160  |l PC2117.G81  |m French language - Grammar  |m French language  |m French language - Study and teaching - Foreign speakers  |m French language - Study and teaching 
942 |a lcc  |c BK  |e A.R.Akinniyi  |f 5:10:2023 
952 |0 0  |1 0  |2 lcc  |4 0  |6 PC2117 G81  |7 0  |9 4530  |a HOL  |b HOL  |c LP  |d 2023-10-05  |l 0  |o PC2117.G81  |p 2023-0450  |r 2023-10-05 00:00:00  |t 640160  |w 2023-10-05  |y BK 
952 |0 0  |1 0  |2 lcc  |4 0  |6 PC2117 G81  |7 0  |9 4591  |a HOL  |b HOL  |c LP  |d 2023-10-16  |l 0  |o PC2117.G81  |p 2023-0512  |r 2023-10-16 00:00:00  |t 647020  |w 2023-10-16  |y BK 
999 |c 2269  |d 2269